000 01048cam a22003137a 4500
003 CHAP
005 20220329141444.0
008 971013s1988 r 00010 d
010 _a68433
011 _a69405
035 _a78881
040 _cCHAP
082 _a631.45
_bR48
111 0 0 _aReunión sobre Manejo y Conservación de Suelos
_d(1987 :
_cSantiago, Chile)
_996642
245 0 _aPonencias
260 _aMontevideo :
_bInstituto Interamericano de Cooperación para la Agricultura,
_c1988
300 _a150 p.
_b: ilus.
590 _aBATCH-UPD
_b10
_c20130110
_lUCH01
_h0211
590 _aBATCH-UPD
_b10
_c20130110
_lUCH01
_h2006
590 _aBATCH-UPD
_b10
_c20130409
_lUCH01
_h2226
590 _aBATCH-UPD
_b10
_c20130410
_lUCH01
_h1326
590 _aBATCH-UPD
_b10
_c20130914
_lUCH01
_h1947
590 _aCONVERSION
_b10
_c20130109
_lUCH01
_h1338
650 1 4 _aSuelos
_xConservación.
_9110283
700 0 _aPuignau, Juan P.
_992961
901 _aBK
942 _cLIBRO
949 _a631.45 R48
_bBC
_cLIBRO
_d33724000563425
_eLIBRO
_h74965
_i78881
_si
999 _c68433
_d68433